000 00794nam a2200229 a 4500
001 000021417
005 20200930011324.0
008 100907s1963 ag r 000 f spa d
040 _aDO-SdBNP
_bspa
_cBNPHU
041 1 7 _aspa
_hfre
_2Código de idioma MARC
082 _annnn
_bA643p
100 1 _aApollinaire, Guillaume,
_d1880-1918
_944687
240 1 3 _aLe poète assassine.
_lEspañol.
245 1 3 _aEl poeta asesinado /
_cApollinaire Guillaume.
260 _aArgentina :
_bMalinca Pocket,
_c1963.
300 _a155, [4] p. ;
_c18 cm.
490 1 _aLibros de ayer, de hoy, y de mañana
_v7
504 _aIncluye notas al pie de las páginas.
534 _pTítulo original en francés:
_tLe poète assassine.
830 0 _aLibros de ayer, de hoy, y de mañana ;
_v7
_944688
049 _aBNGR
999 _c20917
_d20917